Production management systems:an integrated perspective. -- 2nd ed. (Record no. 54901)

MARC details
000 -LEADER
fixed length control field 00842nam a2200217 a 4500
008 - FIXED-LENGTH DATA ELEMENTS--GENERAL INFORMATION
fixed length control field 080924s1996 ||||||||||||||||| || u
020 ## - INTERNATIONAL STANDARD BOOK NUMBER
International Standard Book Number 0201422972
050 ## - LIBRARY OF CONGRESS CALL NUMBER
Classification number TS 155.6 Bro
100 ## - MAIN ENTRY--PERSONAL NAME
Personal name Browne, Jimmie
245 10 - TITLE STATEMENT
Title Production management systems:an integrated perspective. -- 2nd ed.
Statement of responsibility, etc. Jimmie Browne; John Harhen; James Shivnan
250 ## - EDITION STATEMENT
Edition statement 2nd ed.
260 ## - PUBLICATION, DISTRIBUTION, ETC.
Place of publication, distribution, etc. Harlow, England
Name of publisher, distributor, etc. Addison-Wesley
Date of publication, distribution, etc. 1996
300 ## - PHYSICAL DESCRIPTION
Extent xxiv, 425p.: ill.
350 ## - PRICE (NR) (BK AM CF MU VM SE) [OBSOLETE]
Price 105000.00
650 ## - SUBJECT ADDED ENTRY--TOPICAL TERM
Topical term or geographic name entry element COMPUTER INTEGRATED MANUFACTURING SYSTEMS
650 ## - SUBJECT ADDED ENTRY--TOPICAL TERM
Topical term or geographic name entry element PRODUCTION
650 ## - SUBJECT ADDED ENTRY--TOPICAL TERM
Topical term or geographic name entry element PRODUCTION MANAGEMENT--DATA PROCESSING
700 ## - ADDED ENTRY--PERSONAL NAME
Personal name Harhen, John
700 ## - ADDED ENTRY--PERSONAL NAME
Personal name Shivnan, James
995 ## - RECOMMENDATION 995 [LOCAL, UNIMARC FRANCE]
-- 105000.00
-- CBU-MAIN LIBRARY (Kitwe)
-- 1
-- 0.00
-- 1
-- AVAILABLE
-- Sep 24, 2008
-- Main Library Open Access Collection
Holdings
Withdrawn status Lost status Source of classification or shelving scheme Damaged status Not for loan Home library Current library Shelving location Date acquired Total Checkouts Full call number Barcode Date last seen Price effective from Koha item type
          CBU-MAIN LIBRARY, KITWE. CBU-MAIN LIBRARY, KITWE.   11/30/2022   TS 155.6 Bro 738283 11/30/2022 11/30/2022 MONOGRAPH